Memoria leída en la solemne sesión inaugural del año de 1917 celebrada el 28 de enero de dicho año en la Real Academia de Medicina / (Record no. 185054)

MARC details
000 -LEADER
campo de control de longitud fija 00725nam a2200169 i 4500
001 - NÚMERO DE CONTROL
campo de control 185054
003 - IDENTIFICADOR DE NÚMERO DE CONTROL
campo de control ES-MaACL
005 - FECHA Y HORA DE LA ÚLTIMA TRANSACCIÓN
campo de control 20230906222334.0
008 - DATOS DE LONGITUD FIJA--INFORMACIÓN GENERAL
campo de control de longitud fija 160310s1917 sp |||| | spa d
110 0# - ENTRADA PRINCIPAL--NOMBRE DE ENTIDAD CORPORATIVA
Nombre de entidad corporativa o nombre de jurisdicción como elemento de entrada Real Academia Nacional de Medicina (España)
9 (RLIN) 6344
245 10 - MENCIÓN DEL TÍTULO
Título Memoria leída en la solemne sesión inaugural del año de 1917 celebrada el 28 de enero de dicho año en la Real Academia de Medicina /
Mención de responsabilidad, etc. por su secretario perpetuo, Manuel Iglesias y Diaz.
260 ## - PUBLICACIÓN, DISTRIBUCIÓN, ETC.
Lugar de publicación, distribución, etc. Madrid :
Nombre del editor, distribuidor, etc. [s.n.],
Fecha de publicación, distribución, etc. 1917 (
Fabricante Est, tip. Enrique Teodoro)
300 ## - DESCRIPCIÓN FÍSICA
Extensión 40 p. ;
Dimensiones 27 cm.
610 24 - PUNTO DE ACCESO ADICIONAL DE MATERIA--NOMBRE DE ENTIDAD CORPORATIVA
Nombre de entidad corporativa o nombre de jurisdicción como elemento de entrada Real Academia Nacional de Medicina (España)-
Subdivisión de forma Memorias.
9 (RLIN) 159199
700 1# - ENTRADA AGREGADA--NOMBRE PERSONAL
Nombre de persona Iglesias y Díaz, Manuel.
9 (RLIN) 128156
852 ## - LOCALIZACIÓN
Ubicación ES-MaACL
Número de control de estantería 1506-F-13
Holdings
Estatus retirado Estado de pérdida Estado de daño No para préstamo Colección Biblioteca de origen Biblioteca actual Ubicación en estantería Fecha de adquisición Fuente de adquisición Total de préstamos Signatura topográfica completa Código de barras Visto por última vez Precio de reemplazo Tipo de ítem Koha
        Colección de folletos Biblioteca del Ateneo de Madrid Biblioteca del Ateneo de Madrid Depósito folletos 10/03/2016     1506-F-13 1194918 23/02/2023 23/02/2023 Folleto